00412nam a2200145Ia 4500100001900000942000700019654002300026245003200049260004200081082001400123300000800137546001200145999001700157952009200174 aZaniold/carlo  cBK aAdvanced Computer aAdvanced Database Systems bMorgan kaufmann pubaNew yorkc1997 a5.74bZAW a574 aENGLISH c22164d22164 001040708CRCaCRCEbCRCEd2023-03-17l0o5.74 ZAWp10409r2023-03-17w2023-03-17yBK